MARC details
| 000 -CABECERA |
| campo de control de longitud fija |
00968nam a2200253 a 4500 |
| 001 - NÚMERO DE CONTROL |
| campo de control |
000024528 |
| 005 - FECHA Y HORA DE LA ÚLTIMA TRANSACCIÓN |
| campo de control |
20200930023224.0 |
| 008 - DATOS DE LONGITUD FIJA--INFORMACIÓN GENERAL |
| campo de control de longitud fija |
110131s2003 dr ac 000 0 spa d |
| 020 ## - NÚMERO INTERNACIONAL ESTÁNDAR DEL LIBRO |
| Número Internacional Estándar del Libro |
9993403482 |
| 040 ## - FUENTE DE LA CATALOGACIÓN |
| Centro catalogador/agencia de origen |
DO-SdBNP |
| Lengua de catalogación |
spa |
| Centro/agencia transcriptor |
BNPHU |
| 082 ## - NÚMERO DE LA CLASIFICACIÓN DECIMAL DEWEY |
| Número de clasificación |
923.17293 |
| Número de documento/Ítem |
M516f |
| 049 ## - FONDOS LOCALES (OCLC) |
| Fondos de biblioteca |
BNPD |
| 100 1# - ENTRADA PRINCIPAL--NOMBRE DE PERSONA |
| Nombre de persona |
Figuereo, Cándida |
| 9 (RLIN) |
50264 |
| 245 10 - MENCIÓN DE TÍTULO |
| Título |
Cosas de Hipólito / |
| Mención de responsabilidad, etc. |
Cádida Figuereo ; prólogo Osvaldo Santana. |
| 260 ## - PUBLICACIÓN, DISTRIBUCIÓN, ETC. |
| Lugar de publicación, distribución, etc. |
Santo Domingo : |
| Nombre del editor, distribuidor, etc. |
Búho, |
| Fecha de publicación, distribución, etc. |
2003. |
| 300 ## - DESCRIPCIÓN FÍSICA |
| Extensión |
541 p. : |
| Otras características físicas |
il., retrs. ; |
| Dimensiones |
23 cm. |
| 600 14 - PUNTO DE ACCESO ADICIONAL DE MATERIA--NOMBRE DE PERSONA |
| Nombre de persona |
MEJÍA, HIPÓLITO, |
| Fechas asociadas al nombre |
1941- |
| Subdivisión general |
CITAS, MÁXIMAS, ETC. |
| 9 (RLIN) |
50265 |
| 600 14 - PUNTO DE ACCESO ADICIONAL DE MATERIA--NOMBRE DE PERSONA |
| Nombre de persona |
MEJÍA, HIPÓLITO, |
| Fechas asociadas al nombre |
1941- |
| Subdivisión general |
ANÉCDOTAS, CHISTES, SÁTIRAS, ETC. |
| 9 (RLIN) |
50266 |
| 610 14 - PUNTO DE ACCESO ADICIONAL DE MATERIA--NOMBRE DE ENTIDAD CORPORATIVA |
| Nombre de entidad corporativa o nombre de jurisdicción como elemento de entrada |
REPÚBLICA DOMINICANA (2000-2004 : MEJÍA) |
| 9 (RLIN) |
21030 |
| 650 #4 - PUNTO DE ACCESO ADICIONAL DE MATERIA--TÉRMINO DE MATERIA |
| Término de materia o nombre geográfico como elemento de entrada |
Presidentes |
| Subdivisión geográfica |
República Dominicana |
| Subdivisión general |
Citas, máximas, etc. |
| 9 (RLIN) |
50267 |
| 650 #4 - PUNTO DE ACCESO ADICIONAL DE MATERIA--TÉRMINO DE MATERIA |
| Término de materia o nombre geográfico como elemento de entrada |
República dominicana |
| Subdivisión general |
Política y gobierno |
| 9 (RLIN) |
2488 |
| 700 1# - PUNTO DE ACCESO ADICIONAL--NOMBRE DE PERSONA |
| Nombre de persona |
Santana, Osvaldo, |
| Término indicativo de función/relación |
pról. |
| 9 (RLIN) |
50268 |
| 910 ## - DATOS DE OPCIÓN DEL USUARIO (OCLC) |
| Datos de opción del usuario |
Validado. Control de calidad BNPHU |